Normal view
MARC view
Entry Personal Name
001 - CONTROL NUMBER
- control field: 12483
003 - CONTROL NUMBER IDENTIFIER
- control field: BD-RjUL
005 - DATE AND TIME OF LATEST TRANSACTION
- control field: 20240321124950.0
008 - FIXED-LENGTH DATA ELEMENTS
- fixed length control field: 240321|| aca||aabn | a|a d
040 ## - CATALOGING SOURCE
- Original cataloging agency: BD-RjUL
- Transcribing agency: BD-RjUL
100 ## - HEADING--PERSONAL NAME
- Personal name: Picard, Barbara Leonie
670 ## - SOURCE DATA FOUND
- Source citation: Work cat.: (BD-RjUL)83445: Picard, Barbara Leonie , Stories of King Arthur and his knights /, 1955, [reprinted 1957]